000 00836nam a22002177a 4500
003 NALT
005 20251125232937.0
008 s2524 th tha d
040 _aNALT
041 _atha
050 _aHX752.55 ป419ป 2524
100 0 _aประเสริฐ ทรัพย์สุนทร
245 1 0 _aประเทศคอมมิวนิสต์มีประโยชน์ต่อประเทศไทย
260 3 _aกรุงเทพฯ :
_bโรงพิมพ์มิตรสยาม,
_c2524
300 _a312 หน้า ;
_b 19 ซม.
650 0 4 _aคอมมิวนิสต์ -- ไทย
850 _aNALT
856 4 0 _uhttps://hdl.handle.net/20.500.14156/424303
942 _cGB
_2lcc
999 _c40813
_d40813
998 _j109
_k อารีรัตน์ วิชาช่าง